| 000 | 00969cam a2200301 a 4500 | ||
|---|---|---|---|
| 001 | 1614539 | ||
| 003 | OSt | ||
| 005 | 20231018083517.0 | ||
| 008 | 950222s1995 waua 001 0 eng c | ||
| 010 | _a 95009994 | ||
| 020 | _a0889371423 | ||
| 040 |
_aDNLM/DLC _cDLC _dDLC |
||
| 041 | 1 |
_aeng _hfre |
|
| 050 | 0 | 0 |
_aQR188 _b.C4613 1995 |
| 082 | 0 | 0 | _aQW 504 C333a 1995 |
| 100 | 1 |
_aCentner, Jacques; Weck, Alain L. de; Weck, de Christine _99646 |
|
| 240 | 1 | 0 |
_aAtlas d'immuno-allergologie: _lEnglish |
| 245 | 1 | 0 | _aAtlas of immuno-allergology |
| 250 | _a3rd ed. | ||
| 260 |
_aSeattle : _bHogrefe & Huber, _c1995. |
||
| 300 |
_avi, 186 p. : _bcol. ill. ; _c31 cm. |
||
| 500 | _aIncludes index. | ||
| 650 | 0 |
_aImmunology atlas _99647 |
|
| 650 | 0 |
_aPathophysiology. _99648 |
|
| 906 |
_a7 _bcbc _corignew _d1 _eocip _f19 _gy-gencatlg |
||
| 942 |
_2z _cO_SHELF |
||
| 999 |
_c4492 _d4492 |
||